00673 2200229 4500001002100000005001500021035002000036007000300056008003900059020001900098082000800117084001400125100003200139245006500171250001100236260003300247300003800280650005000318650003500368504002000403990002000423INLIS00000000000305520220825093815 a0010-0822000050ta220825 | | |  a078602093569-0 a152 a152 ANA t0 aAnalisa Widyaningrum, M.Psi1 aThe Power Of Personality Development /cAnalisa Widyaningrum aCet. 1 aJakarta. :bErlangga,c2017. a146 hlm. :bilus. ;c14,5 x 21 cm aPenyunting, Noorayni Rahmawati + Hijrah Ahmad aDesain Sampul, Yudi Nur Riyadi aTentang Penulis a15439/P/BL/2022